عرض عادي
عرض مارك
- Wimmer, Maria A.
مدخل إسم شخص
001 - رقم الضبط
- حقل الضبط: 39793
003 - معرف رقم الضبط
- حقل الضبط: OSt
005 - تاريخ ووقت أخر عملية
- حقل الضبط: 20131114200424.0
008 - عناصر بيانات ثابتة الطول
- حقل تحكم ثابت الطول: 131114|||a|||||| | ||| d
040 ## - مصدر الفهرسة
- هيئة الفهرسة الأصلية: OSt
- وكالة الكتابة: OSt
100 ## - مدخل -- أسم شخص
- إسم شخص: Wimmer, Maria A.
670 ## - بيانات المصدر موجوده
- الاستشهاد بالمصدر: Work cat.: (OSt)0: EGOV 2010 (2010 : Lausanne, Switzerland) 39790, Electronic government :, 2010.
